000
00285nam a22001337a 4500
008
170522b xxu||||| |||| 00| 0 eng d
020
_a
0865980535
041
_a
eng
080
_a
94(6)
100
_a
16
101
_a
SHH
245
_a
SEEDS OF FAMINE
_c
FRANKE, R.W
942
_2
udc
_c
BK
999
_c
13754
_d
13754